Sports Quiz

Random Sports or Europe Quiz

10+ goals in Europe's top five leagues Quiz Stats

 Plays Quiz not verified by Sporcle

Challenge
Share
Tweet
Embed
Score 0/115 Timer 20:00
0 Plays Today
Club Player % Correct
BarcelonaLionel Messi
99.2%
BarcelonaLuis Suarez
97.1%
TottenhamHarry Kane
96.8%
PSGEdinson Cavani
96.8%
Real MadridCristiano Ronaldo
96.6%
EvertonRomelu Lukaku
95.3%
ArsenalAlexis Sanchez
94.6%
Bayern MunichRobert Lewandowski
93.6%
ChelseaDiego Costa
93.3%
LyonAlexandre Lacazette
91.4%
Man CitySergio Aguero
91.4%
JuventusGonzalo Higuain
91.3%
Man UtdZlatan Ibrahimovic
90.8%
RomaEdin Dzeko
90.1%
Borussia DortmundPierre-Emerick Aubameyang
89.1%
ChelseaEden Hazard
87.8%
MonacoFalcao
86.6%
BarcelonaNeymar
86.2%
TottenhamDele Alli
86.1%
MonacoKylian Mbappe
85.9%
ArsenalOlivier Giroud
84.6%
NapoliDries Mertens
84.5%
Atletico MadridAntoine Griezmann
84.1%
Real MadridKarim Benzema
84.1%
TorinoAndrea Belotti
82.5%
InterMauro Icardi
81.8%
LiverpoolPhilippe Coutinho
78%
Crystal PalaceChristian Benteke
75.8%
LeicesterJamie Vardy
73.7%
LiverpoolRoberto Firmino
73.1%
Real MadridAlvaro Morata
72.6%
LiverpoolSadio Mane
71.1%
JuventusPaulo Dybala
70.4%
SunderlandJermain Defoe
69.8%
NiceMario Balotelli
69.5%
NapoliLorenzo Insigne
69.4%
Celta VigoIago Aspas
69.2%
Bayern MunichArjen Robben
69%
TottenhamSon Heung-Min
68.7%
Club Player % Correct
BournemouthJoshua King
65.9%
RB LeipzigTimo Werner
65.5%
NantesEmiliano Sala
63.9%
Real MadridIsco
63.1%
SwanseaFernando Llorente
61.8%
NapoliMarek Hamsik
60.4%
WolfsburgMario Gomez
58.7%
AtalantaAlejandro Gomez
58.5%
FC CologneAnthony Modeste
57.1%
Athletic BilbaoAduriz
56.1%
MilanCarlos Bacca
56%
RomaMohamed Salah
54.7%
WatfordTroy Deeney
54.5%
LazioCiro Immobile
53.3%
MarseilleBafetimbi Gomis
52.4%
LazioKeita
51.9%
Atletico MadridKevin Gameiro
50.5%
InterIvan Perisic
50.3%
ArsenalTheo Walcott
50.2%
NapoliJose Callejon
47.7%
Bayer LeverkusenJavier Hernandez
44.3%
Atletico MadridYannick Carrasco
39.5%
BurnleySam Vokes
31.5%
MarseilleFlorian Thauvin
30.6%
MonacoValere Germain
28.8%
FiorentinaNikola Kalinic
27.7%
PSGLucas Moura
25%
Werder BremenMax Kruse
24.2%
SevillaWissam Ben Yedder
23.6%
Las PalmasKevin-Prince Boateng
23.3%
RomaRadja Nainggolan
21.6%
Real BetisRuben Castro
21.2%
MalagaSandro Ramirez
19.7%
HoffenheimSandro Wagner
19%
Borussia M'gladbachLars Stindl
18.9%
HoffenheimAndrej Kramaric
18.4%
VillarrealCedric Bakambu
18.4%
NiceAlassane Plea
17.9%
Werder BremenSerge Gnabry
17%
Club Player % Correct
SampdoriaLuis Muriel
16%
GenoaGiovanni Simeone
16%
Hertha BSCVedad Ibisevic
15.2%
FiorentinaFederico Bernardeschi
14.1%
SampdoriaPatrik Schick
12.5%
TorinoIago Falque
12.2%
CagliariMarco Borriello
11.8%
SassuoloGregoire Defrel
11.3%
Real SociedadWillian Jose
11.1%
Athletic BilbaoRaul Garcia
9.7%
MontpellierRyad Boudebouz
9.4%
SampdoriaFabio Quagliarella
9.4%
TorinoAdem Ljajic
9.2%
ToulouseMartin Braithwaite
9.2%
LorientBenjamin Moukandjo
9.2%
BolognaMattia Destro
8.9%
FiorentinaKhouma Babacar
8.7%
DeportivoFlorin Andone
8.4%
EspanyolGerard Moreno
8.3%
CaenIvan Santini
8.2%
LilleNicolas de Preville
7.9%
MontpellierSteve Mounie
7.8%
EibarSergi Enrich
7.8%
UdineseDuvan Zapata
7.5%
GuingampJimmy Briand
7.4%
EibarPedro Leon
7.1%
OsasunaSergio Leon
6.8%
UdineseCyril Thereau
6.5%
EspanyolPablo Piatti
6.1%
CrotoneDiego Falcinelli
6%
DijonLois Diony
5.8%
FreiburgNils Petersen
5.8%
PalermoIlija Nestorovski
4.8%
Real SociedadJuanmi
4.8%
FreiburgFlorian Niederlechner
3.6%
BastiaEnzo Crivelli
3.1%
ChievoRoberto Inglese
3%

You're not logged in!

Compare scores with friends on all Sporcle quizzes.
Join for Free
OR
Log In

You Might Also Like...

Show Comments

Extras

Top Quizzes Today


Score Distribution

Your Account Isn't Verified!

In order to create a playlist on Sporcle, you need to verify the email address you used during registration. Go to your Sporcle Settings to finish the process.

Report this User

Report this user for behavior that violates our Community Guidelines.

Details: